Normal view
MARC view
- IMRAN, SAQIB, SAIF ULLAH
Entry Personal Name
001 - CONTROL NUMBER
- control field: 72137
003 - CONTROL NUMBER IDENTIFIER
- control field: NUST
005 - DATE AND TIME OF LATEST TRANSACTION
- control field: 20210628204740.0
008 - FIXED-LENGTH DATA ELEMENTS
- fixed length control field: 210628|| aca||aabn | a|a d
040 ## - CATALOGING SOURCE
- Original cataloging agency: NUST
- Transcribing agency: NUST
100 ## - HEADING--PERSONAL NAME
- Personal name: IMRAN, SAQIB, SAIF ULLAH
670 ## - SOURCE DATA FOUND
- Source citation: Work cat.: (NUST): IMRAN, SAQIB, SAIF ULLAH, PR-SOF-1003-DESIGN AND FABRICATION OF AN AUTOMATED ABOVE ELBOW PROSTHE, 2010
